<A> brief outline of english and american literature

Gespeichert in:
Bibliographische Detailangaben
1. Verfasser: Vehnerová, Eva
Körperschaft: Vysoká škola ekonomická v Bratislave. Obchodná fakulta
Format: Buch
Sprache:Englisch
Veröffentlicht: Bratislava Vysoká škola ekonomická 1979
Ausgabe:2nd ed.
Tags: Tag hinzufügen
Keine Tags, Fügen Sie das erste Tag hinzu!

MARC

LEADER 00000nam a2200000 4500
001 0230342
005 20240822101706.4
041 0 |a eng 
044 |a SK 
245 1 0 |a <A> brief outline of english and american literature  |c Eva Vehnerová 
250 |a 2nd ed. 
264 1 |a Bratislava  |b Vysoká škola ekonomická  |c 1979 
300 |a 61 s. 
100 1 |a Vehnerová, Eva 
710 2 |a Vysoká škola ekonomická v Bratislave. Obchodná fakulta